01614cam a2200205 450050000500170000004100080001704200070002510000300003224500930006226000180015550000060017352009040017969000310108369000300111469000170114469000260116178600900118785601100127799900210138720260329002510.0 afre adc10aBen Khalifa, Adeleauthor00aDeterminants of information and communication technologies adoption by Tunisian firms c2016.  a1 aThis paper examines the determinant factors of a firm’s adoption of information and communication technologies (ICT) in the context of a developing country. The study is based on the theoretical framework related to the epidemic and rank models of innovation adoption. In this work, we use a survey of 145 Tunisian firms that was conducted over the period 2010-2011. Our results show that epidemic and rank effects do not always act together on the diffusion process of ICT. In particular, we find that absorptive capacity is more decisive for the adoption of the technologies which are not influenced by information spillovers (Intranet, LAN and EDI). Firm’s size, strategic fit and multi-unit firm also play an important role in the ICT adoption. However, there is no relationship between the intensity of organizational change and ICT diffusion in the Tunisian firms.JEL Codes: L21, O31, O33 acommunication technologies aepidemic and rank effects aICT adoption aorganizational change0 nJournal of Innovation Economics & Management | o 20 | 2 | 2016-05-10 | p. 151-17741uhttps://shs.cairn.info/revue-journal-of-innovation-economics-2016-2-page-151?lang=en&redirect-ssocas=7080 c1815589d1815589